000 00783nam a2200205 a 4500
003 0
005 20250305142816.0
008 090729s19uu xx 00 eng d
050 _aPGS QC 939.H8
_b.Sa246 2009
100 _aSarmiento, Alphonsus Martin M.
245 _aUsing a home-made Hygrometer in measuring relative humidity (RH) /
_cAlphonsus Martin M. Sarmiento.
260 _aLas PiƱas City, Philippines :
_bSouthville International School and Colleges,
_c2009.
300 _a27 pages :
_billustrations ;
_c28 cm.
504 _aIncludes bibliographical references.
650 _aHygrometers
_vDesign and construction.
650 _aHumidity
_vMeasurement.
650 _aMeteorological instruments
_vTesting.
650 _aWeather
_vMeasurement.
942 _2lcc
_cPASS
999 _c98285
_d98285